| Tag |
First Indicator |
Second Indicator |
Subfields |
| LEADER |
00000cam a2200000 a 4500 |
| 001 |
in00000027899 |
| 005 |
20151007054644.0 |
| 008 |
841031s1987 nyu 00011 eng |
| 010 |
|
|
|a 84023602
|
| 020 |
|
|
|a 0805239707 :
|c $15.95
|
| 035 |
|
|
|a (OCoLC)11398926
|
| 035 |
|
|
|9 AAB5842AM
|
| 040 |
|
|
|a DLC
|c DLC
|d TXA
|d UtOrBLW
|
| 041 |
1 |
|
|a eng
|a spa
|
| 049 |
|
|
|a TXAM
|c [A11060793]
|
| 050 |
0 |
0 |
|a PQ6601.Y3
|b U713 1987
|
| 082 |
0 |
|
|a 863/.62
|2 19
|
| 100 |
1 |
|
|a Ayala, Francisco,
|d 1906-2009.
|
| 240 |
1 |
0 |
|a Usurpadores.
|l English
|
| 245 |
1 |
0 |
|a Usurpers /
|c Francisco Ayala ; translated by Carolyn Richmond.
|
| 264 |
|
1 |
|a New York :
|b Schocken Books,
|c 1987.
|
| 300 |
|
|
|a xiii, 178 pages ;
|c 21 cm.
|
| 336 |
|
|
|a text
|b txt
|2 rdacontent
|
| 337 |
|
|
|a unmediated
|b n
|2 rdamedia
|
| 338 |
|
|
|a volume
|b nc
|2 rdacarrier
|
| 500 |
|
|
|a Translation of: Los usurpadores.
|
| 651 |
|
0 |
|a Spain
|x History
|x Fiction.
|
| 999 |
|
|
|a MARS
|
| 999 |
f |
f |
|s efc1e4e7-e696-315b-bd30-9c94c3dd0ca9
|i fb85acd0-6cd6-3945-830f-c69ed926eaf9
|t 0
|
| 952 |
f |
f |
|p ric
|a Texas A&M University
|b Rellis Campus
|c Joint Library Facility
|d Remote Storage
|t 0
|e PQ6601.Y3 U713 1987
|h Library of Congress classification
|i unmediated -- volume
|m A14811060793
|
| 998 |
f |
f |
|a PQ6601.Y3 U713 1987
|t 0
|l Remote Storage
|